IPL Purple Cap Holders By Year - Statistics

General Stats
  • This quiz has been taken 52 times
    9 since last reset
  • The average score is 7 of 18
Answer Stats
Year Player Team Wickets Taken % Correct
2013 Dwayne Bravo Chennai Super Kings 32
71%
2021 Harshal Patel Royal Challengers Bangalore 32
71%
2012 Morne Morkel Delhi Daredevils (now Delhi Capitals) 25
57%
2016 Bhuvneshwar Kumar SunRisers Hyderabad 23
43%
2017 Bhuvneshwar Kumar SunRisers Hyderabad 26
43%
2015 Dwayne Bravo Chennai Super Kings 26
43%
2024 Harshal Patel Punjab Kings 24
43%
2023 Mohammed Shami Gujarat Titans 28
43%
2010 Pragyan Ojha Deccan Chargers (defunct) 21
43%
2008 Sohail Tanvir Rajasthan Royals 22
43%
2022 Yuzvendra Chahal Rajasthan Royals 27
43%
2018 Andrew Tye Kings XI Punjab (now Punjab Kings) 24
29%
2020 Kagiso Rabada Delhi Capitals 30
29%
2011 Lasith Malinga Mumbai Indians 28
29%
2014 Mohit Sharma Chennai Super Kings 23
29%
2025 Prasidh Krishna Gujarat Titans 25
29%
2009 RP Singh Deccan Chargers (defunct) 23
29%
2019 Imran Tahir Chennai Super Kings 26
14%
No matching quizzes found
Score Distribution
Percent of People with Each Score
Percentile by Number Answered
Your Score History
You have not taken this quiz since the last reset